000 00533nam a2200181Ia 4500
008 151202s9999||||xx |||||||||||||| ||und||
082 _bPNVM-62834
100 _aकिनरे जयंत.
245 _aकाी ना काी.
260 _bअपरान्त प्रकाशन.
260 _c62834
300 _a255
600 _aकिनरे जयंत.
630 _aकाी ना काी.
700 _aकिनरे जयंत.
730 _aकाी ना काी.
942 _cBOOK
999 _c1329368
_d1329365